[Event "Wch U14"]
[Site "Montesilvano"]
[Date "2023.11.14"]
[Round "2"]
[White "Zaragoza Alanis, Miguel Arnulfo"]
[Black "Malinowsky, Levi"]
[Result "1/2-1/2"]
[WhiteElo "1838"]
[BlackElo "2135"]
[PlyCount "63"]
[EventDate "2023.11.13"]
[EventType "swiss"]
[EventRounds "11"]
[EventCountry "ITA"]
[SourceTitle "CB48_2023"]
[SourceDate "2023.11.29"]
[SourceVersion "1"]
[SourceVersionDate "2023.11.29"]
[SourceQuality "1"]

1. e4 c5 2. Nf3 d6 3. d4 cxd4 4. Nxd4 Nf6 5. Nc3 a6 6. f3 e5 7. Nb3 Be6 8. Be3 h5 9. Nd5 Bxd5 10. exd5 Nbd7 11. c4 g6 12. Be2 Bg7 13. 0-0 0-0 14. Qd2 b6 15. Rac1 a5 16. Na1 Nc5 17. Nc2 Nfd7 18. Na3 f5 19. Nb5 Qe7 20. Bh6 Rae8 21. Bxg7 Kxg7 22. Rcd1 h4 23. Nc7 Rd8 24. Rfe1 h3 25. g3 f4 26. g4 Nf6 27. Nb5 Nxg4 28. fxg4 f3 29. Rf1 fxe2 30. Qxe2 Qd7 31. Kh1 g5 32. Nc3 1/2-1/2

[Event "GER-chT Lands U20"]
[Site "Hannover"]
[Date "2023.10.02"]
[Round "3"]
[White "Pikalow, Michael"]
[Black "Malinowsky, Levi"]
[Result "0-1"]
[WhiteElo "2035"]
[BlackElo "2138"]
[PlyCount "106"]
[EventDate "2023.10.01"]
[EventType "team-swiss"]
[EventRounds "7"]
[EventCountry "GER"]
[SourceTitle "EXT 2024"]
[Source "ChessBase"]
[SourceDate "2023.10.10"]
[SourceVersion "1"]
[SourceVersionDate "2023.10.10"]
[SourceQuality "1"]

1. e4 c5 2. Nc3 a6 3. Nf3 d6 4. d4 cxd4 5. Nxd4 Nf6 6. Be3 e5 7. Nb3 Be6 8. f3 Be7 9. Qd2 h5 10. Nd5 Nxd5 11. exd5 Bf5 12. Be2 Bh4+ 13. g3 Be7 14. c4 b6 15. 0-0 Bh3 16. Rf2 Nd7 17. f4 exf4 18. Bxf4 Nc5 19. Bf3 Nxb3 20. axb3 g6 21. b4 0-0 22. c5 a5 23. c6 axb4 24. Re1 Bf6 25. Qxb4 Re8 26. Rc1 Be5 27. Bxe5 Rxe5 28. c7 Qxc7 29. Qf4 Rae8 30. Rff1 Qd7 31. Bg2 Bxg2 32. Kxg2 Rxd5 33. Rf2 Rf5 34. Qd4 Rxf2+ 35. Kxf2 Qb5 36. Kg1 Qg5 37. Rf1 Qc5 38. Rd1 Re1+ 39. Kg2 Re2+ 40. Kf3 Qxd4 41. Rxd4 Rxh2 42. Rb4 Kg7 43. Rxb6 g5 44. Rxd6 Rxb2 45. Rd3 Kg6 46. Ra3 f6 47. Rc3 g4+ 48. Ke3 Rg2 49. Ke4 f5+ 50. Ke5 Re2+ 51. Kd4 h4 52. gxh4 Kh5 53. Rc5 Rf2 0-1

[Event "GER-ch U14"]
[Site "Willingen"]
[Date "2023.05.29"]
[Round "3"]
[White "Malinowsky, Levi"]
[Black "Tuerel, Tugrul"]
[Result "1-0"]
[WhiteElo "2173"]
[BlackElo "1855"]
[PlyCount "185"]
[EventDate "2023.05.27"]
[EventType "swiss"]
[EventRounds "9"]
[EventCountry "GER"]
[SourceTitle "CBM 214 Extra"]
[Source "ChessBase"]
[SourceDate "2023.07.31"]
[SourceVersion "1"]
[SourceVersionDate "2023.07.31"]
[SourceQuality "1"]

1. e4 e5 2. Nf3 Nc6 3. Bb5 a6 4. Ba4 Nf6 5. 0-0 Be7 6. Re1 b5 7. Bb3 0-0 8. a4 Bb7 9. d3 d6 10. Nbd2 Nd7 11. axb5 axb5 12. Rxa8 Qxa8 13. c3 Nc5 14. Bc2 Qa2 15. d4 Nd7 16. Nf1 Nb6 17. Bb3 Qa6 18. Ne3 Bc8 19. Nf5 Bxf5 20. exf5 exd4 21. cxd4 Bf6 22. g4 Qc8 23. g5 Be7 24. Nh4 d5 25. Bc2 f6 26. Qh5 Qd7 27. Nf3 Nc4 28. Re6 Nd6 29. gxf6 Rxf6 30. Ne5 Nxe5 31. dxe5 Rxe6 32. fxe6 Qxe6 33. exd6 g6 34. Qf3 Bxd6 35. Be3 Qe5 36. Kf1 c6 37. Qg4 Qe8 38. h4 Be5 39. h5 Kg7 40. hxg6 hxg6 41. Qh4 Bxb2 42. Qh6+ Kf6 43. Bg5+ Ke6 44. Bxg6 Qh8 45. Bh7+ Kd7 46. Bf4 Qf6 47. Qh3+ Kd8 48. Qg4 Qf7 49. Bg6 Qe7 50. Bf5 Qg7 51. Bg6 Qe7 52. Qg3 Kc8 53. Bf5+ Kb7 54. Qg8 Be5 55. Qc8+ Kb6 56. Bd2 Qh4 57. Ke2 Qc4+ 58. Bd3 Qh4 59. Qf5 Bd4 60. Bg5 Qh5+ 61. Kd2 Qe8 62. Bf6 Bc5 63. Be5 Qe7 64. f4 Qh4 65. Be2 Bb4+ 66. Kc2 Qf2 67. Qd3 Qc5+ 68. Kb3 Qc1 69. Bd4+ Bc5 70. Bxc5+ Qxc5 71. f5 Qf2 72. Kc3 Qe1+ 73. Kd4 Qa1+ 74. Ke3 Qc1+ 75. Kf3 Qh1+ 76. Kf4 Qh6+ 77. Ke5 Qh8+ 78. f6 Qe8+ 79. Kf5 Qc8+ 80. Kg5 Qe6 81. Bg4 Qe5+ 82. Qf5 Qe3+ 83. Kg6 Qe8+ 84. f7 Qf8 85. Qc8 Qd6+ 86. Kh7 Qh2+ 87. Kg8 Qh6 88. f8Q Qg6+ 89. Qg7 Qe4 90. Qgc7+ Kc5 91. Qxc6+ Kb4 92. Qc3+ Ka4 93. Qa8# 1-0

[Event "Bremen Silvester op-A"]
[Site "Bremen"]
[Date "2022.12.29"]
[Round "5"]
[White "Hart, Alexander E"]
[Black "Malinowsky, Levi"]
[Result "0-1"]
[WhiteElo "1999"]
[BlackElo "1842"]
[PlyCount "68"]
[EventDate "2022.12.27"]
[EventType "swiss"]
[EventRounds "7"]
[EventCountry "GER"]
[SourceTitle "CBM 211 Extra"]
[Source "ChessBase"]
[SourceDate "2023.01.31"]
[SourceVersion "1"]
[SourceVersionDate "2023.01.31"]
[SourceQuality "1"]

1. Nf3 Nf6 2. b3 g6 3. Bb2 Bg7 4. g3 0-0 5. Bg2 c5 6. c4 Nc6 7. 0-0 d6 8. d4 cxd4 9. Nxd4 Bd7 10. e3 a6 11. Nc3 Rc8 12. Qd2 Qa5 13. Rfd1 Qh5 14. Nd5 Nxd5 15. Nxc6 bxc6 16. Bxg7 Kxg7 17. cxd5 cxd5 18. Qd4+ Kg8 19. Qa7 Qf5 20. Qxa6 Rc2 21. Rf1 d4 22. e4 Qc5 23. a4 Rb8 24. Rab1 Rc3 25. h4 Rbxb3 26. Qa8+ Kg7 27. Ra1 d3 28. Qd8 Bg4 29. a5 d2 30. a6 Rxg3 31. a7 Bf3 32. Qxe7 Rxg2+ 33. Kh1 Rxf2+ 34. Kg1 Re2+ 0-1

[Event "Bremen Silvester op-A"]
[Site "Bremen"]
[Date "2022.12.27"]
[Round "2"]
[White "Malinowsky, Levi"]
[Black "Teichert, Felix"]
[Result "0-1"]
[WhiteElo "1842"]
[BlackElo "2021"]
[PlyCount "72"]
[EventDate "2022.12.27"]
[EventType "swiss"]
[EventRounds "7"]
[EventCountry "GER"]
[SourceTitle "CBM 211 Extra"]
[Source "ChessBase"]
[SourceDate "2023.01.31"]
[SourceVersion "1"]
[SourceVersionDate "2023.01.31"]
[SourceQuality "1"]

1. e4 c6 2. Nf3 d5 3. d3 Qc7 4. g3 e5 5. Bg2 Nf6 6. Qe2 dxe4 7. dxe4 Bc5 8. 0-0 0-0 9. Nbd2 Be6 10. b3 Nbd7 11. Bb2 b5 12. h3 h6 13. Kh2 a5 14. a3 Bd6 15. Ne1 a4 16. Nd3 Nc5 17. Nxc5 Bxc5 18. f4 Bd4 19. Bxd4 exd4 20. e5 Nh7 21. b4 Rad8 22. Be4 f5 23. Bd3 Rf7 24. Nf3 Nf8 25. Nh4 Nd7 26. Qh5 Rdf8 27. g4 Nxe5 28. fxe5 Qxe5+ 29. Kg2 Bd5+ 30. Nf3 Qf4 31. gxf5 Rxf5 32. Bxf5 Rxf5 33. Qe8+ Kh7 34. Qe2 Rg5+ 35. Kh1 Rg3 36. Qg2 Rxf3 0-1

[Event "GER-chT Lands U20"]
[Site "Wiesbaden"]
[Date "2022.10.03"]
[Round "5.3"]
[White "Malinowsky, Levi"]
[Black "Basovskiy, Jana"]
[Result "0-1"]
[WhiteElo "1879"]
[BlackElo "1858"]
[PlyCount "112"]
[EventDate "2022.09.30"]
[EventType "team-swiss"]
[EventRounds "7"]
[EventCountry "GER"]
[SourceTitle "CBM 210 Extra"]
[Source "ChessBase"]
[SourceDate "2022.11.30"]
[SourceVersion "1"]
[SourceVersionDate "2022.11.30"]
[SourceQuality "1"]
[WhiteTeam "Schleswig Holstein U20"]
[BlackTeam "Baden U20"]
[WhiteTeamCountry "GER"]
[BlackTeamCountry "GER"]

1. e4 c5 2. Nf3 e6 3. d3 Nc6 4. g3 Nf6 5. Bg2 Be7 6. 0-0 d6 7. Re1 0-0 8. c3 e5 9. h3 h6 10. d4 cxd4 11. cxd4 Qb6 12. d5 Nb4 13. a3 Na6 14. Nc3 Bd7 15. b4 Rac8 16. Be3 Qd8 17. Qd3 Qc7 18. Rac1 Qb8 19. Nd2 Nc7 20. f4 exf4 21. gxf4 a6 22. a4 Na8 23. Bd4 Bd8 24. e5 dxe5 25. fxe5 Nh5 26. e6 fxe6 27. Qg6 Qf4 28. Nf3 Qf5 29. Qxf5 exf5 30. Ne5 Bf6 31. Bc5 Rfd8 32. d6 b6 33. Bxa8 bxc5 34. Bd5+ Kh7 35. Nxd7 Bd4+ 36. Kh1 cxb4 37. Ne2 Rxc1 38. Rxc1 Rxd7 39. Nxd4 Rxd6 40. Bf3 Rxd4 41. Bxh5 Rh4 42. Bf3 Rxh3+ 43. Kg2 Rh4 44. Bc6 Rd4 45. Rc5 Kg6 46. Ra5 Kg5 47. Rxa6 b3 48. Be8 Rb4 49. Kg3 f4+ 50. Kf3 b2 51. Rg6+ Kh4 52. Rg4+ Kh3 53. Bd7 b1Q 54. Rg1+ Kh4 55. Rg4+ Kh5 56. Be8+ g6 0-1

[Event "GER-chT Lands U20"]
[Site "Wiesbaden"]
[Date "2022.10.01"]
[Round "1.4"]
[White "Malinowsky, Levi"]
[Black "Braun, Julian1111"]
[Result "1-0"]
[WhiteElo "1879"]
[BlackElo "1715"]
[PlyCount "103"]
[EventDate "2022.09.30"]
[EventType "team-swiss"]
[EventRounds "7"]
[EventCountry "GER"]
[SourceTitle "CBM 210 Extra"]
[Source "ChessBase"]
[SourceDate "2022.11.30"]
[SourceVersion "1"]
[SourceVersionDate "2022.11.30"]
[SourceQuality "1"]
[WhiteTeam "Schleswig Holstein U20"]
[BlackTeam "Hamburg U20"]
[WhiteTeamCountry "GER"]
[BlackTeamCountry "GER"]

1. e4 e5 2. Nf3 Nc6 3. Bb5 a6 4. Ba4 Nf6 5. 0-0 Be7 6. Re1 b5 7. Bb3 d6 8. c3 0-0 9. h3 Nb8 10. d4 Nbd7 11. Nbd2 Bb7 12. Bc2 Re8 13. Nf1 Bf8 14. Ng3 g6 15. Nh2 Bg7 16. f4 exd4 17. cxd4 c5 18. d5 Qb6 19. Nf3 Re7 20. Be3 Rae8 21. Qd2 b4 22. Bd3 a5 23. a3 Qc7 24. axb4 axb4 25. Bf2 Nb6 26. Qc2 c4 27. Rac1 Rc8 28. Qd2 c3 29. bxc3 bxc3 30. Qc2 Nbd7 31. Nd4 Qb8 32. Rb1 Nc5 33. Nc6 Qc7 34. Bxc5 Bxc6 35. Bb6 Qd7 36. dxc6 Qxc6 37. Bd4 h5 38. Rb6 Qc7 39. Reb1 Nxe4 40. Bxg7 Nxg3 41. Bd4 h4 42. Bf6 Qc5+ 43. Kh2 Re3 44. Bxh4 Rxd3 45. Qxd3 Nf5 46. R6b5 Qd4 47. Qxd4 Nxd4 48. Rb8 Rf8 49. Rxf8+ Kxf8 50. Bf6 Nc6 51. Rb6 c2 52. Rxc6 1-0

[Event "GER-chT U14"]
[Site "Willingen"]
[Date "2022.08.15"]
[Round "6.1"]
[White "Malinowsky, Levi"]
[Black "Freude, Max"]
[Result "0-1"]
[WhiteElo "1836"]
[BlackElo "1819"]
[PlyCount "100"]
[EventDate "2022.08.13"]
[EventType "team-swiss"]
[EventRounds "7"]
[EventCountry "GER"]
[SourceTitle "EXT 2023"]
[Source "ChessBase"]
[SourceDate "2022.10.05"]
[SourceVersion "1"]
[SourceVersionDate "2022.10.05"]
[SourceQuality "1"]
[WhiteTeam "Kiel Doppelbauer"]
[BlackTeam "Berlin Empor"]
[WhiteTeamCountry "GER"]
[BlackTeamCountry "GER"]

1. e4 c5 2. Nf3 Nc6 3. Bb5 e6 4. c3 Nge7 5. 0-0 d5 6. e5 Ng6 7. d4 cxd4 8. cxd4 Be7 9. Nc3 0-0 10. Re1 Bd7 11. Be3 a6 12. Ba4 b5 13. Bc2 Rc8 14. g3 Na5 15. Nd2 Bb4 16. h4 f5 17. exf6 Qxf6 18. Rc1 Nc6 19. Nb3 Rf7 20. Qd3 Bxc3 21. Qxc3 e5 22. Qd2 e4 23. Bd1 Rcf8 24. Nc5 Bh3 25. Kh2 Bc8 26. Rh1 Nge7 27. Bb3 Rd8 28. Rhf1 h6 29. Rcd1 Bg4 30. Rc1 Bc8 31. Rcd1 Bg4 32. Rc1 Nf5 33. Bd1 Bf3 34. Bxf3 exf3 35. Nd3 Ncxd4 36. h5 Nxe3 37. Qxe3 Ne2 38. Nf4 Nxf4 39. Qxf4 Qxb2 40. Qh4 Qf6 41. Qg4 d4 42. Rfd1 Qf5 43. Qh4 Rfd7 44. Rc7 d3 45. Rxd7 Rxd7 46. a4 d2 47. a5 Qc2 48. Qg4 Qxd1 49. Qxd7 Qc2 50. Qc8+ Qxc8 0-1

[Event "Kiel op 34th"]
[Site "Kiel"]
[Date "2022.08.02"]
[Round "6"]
[White "Malinowsky, Levi"]
[Black "Lippmann, Kai"]
[Result "0-1"]
[WhiteElo "1814"]
[BlackElo "1952"]
[PlyCount "188"]
[EventDate "2022.07.30"]
[EventType "swiss"]
[EventRounds "9"]
[EventCountry "GER"]
[SourceTitle "CBM 209 Extra"]
[Source "ChessBase"]
[SourceDate "2022.09.30"]
[SourceVersion "1"]
[SourceVersionDate "2022.09.30"]
[SourceQuality "1"]

1. e4 c6 2. Nc3 d5 3. Nf3 dxe4 4. Nxe4 e6 5. d4 h6 6. Bd3 Be7 7. c3 Nf6 8. Nxf6+ Bxf6 9. Bf4 0-0 10. Qe2 Be7 11. h4 c5 12. dxc5 Bxc5 13. 0-0-0 Qb6 14. g4 Nc6 15. g5 h5 16. Nd2 g6 17. Ne4 e5 18. Nf6+ Kh8 19. Nd5 Bg4 20. Bxe5+ Nxe5 21. Qxe5+ f6 22. gxf6 Qe6 23. Qg5 Rf7 24. Bxg6 Bxd1 25. Qh6+ Kg8 26. Bxf7+ Qxf7 27. Rg1+ Bg4 28. b4 Bf8 29. Qg5+ Kh7 30. Kb2 Bh6 31. Qe5 Rd8 32. c4 Re8 33. Qd4 Re2+ 34. Ka3 Re6 35. Qd3+ Kh8 36. f3 Ra6+ 37. Kb3 Be6 38. Rg6 Bf8 39. Ne7 Bxc4+ 40. Qxc4 Ra3+ 41. Kxa3 Qxc4 42. Rg5 Qc3+ 43. Ka4 Bxe7 44. fxe7 Qc2+ 45. Ka3 Qd3+ 46. Ka4 Qd7+ 47. Kb3 Qxe7 48. Rxh5+ Kg7 49. Rg5+ Kh6 50. a3 Qe3+ 51. Ka4 Qxf3 52. Rc5 a6 53. b5 Qd1+ 54. Kb4 Qd4+ 55. Rc4 Qb2+ 56. Kc5 Qxb5+ 57. Kd4 Qb2+ 58. Rc3 Kh5 59. Kd3 Kxh4 60. Rc4+ Kg3 61. a4 Kf3 62. Rc3 Kf4 63. Rc4+ Ke5 64. Rc5+ Kd6 65. Rc4 Qb3+ 66. Kd4 b5 67. axb5 axb5 68. Rc3 Qd5+ 69. Ke3 Qe5+ 70. Kd3 Kd5 71. Kc2 Qe4+ 72. Kb2 b4 73. Rc2 Qd3 74. Kc1 Qa3+ 75. Kb1 b3 76. Rd2+ Kc4 77. Rd4+ Kb5 78. Rd5+ Kc6 79. Rd2 Qb4 80. Re2 Kb5 81. Kb2 Qd4+ 82. Kc1 Qa1+ 83. Kd2 Qa2+ 84. Kd3 Qxe2+ 85. Kxe2 b2 86. Kd2 b1Q 87. Kc3 Qb4+ 88. Kc2 Qa3 89. Kb1 Qh3 90. Kc2 Kc4 91. Kd2 Qd3+ 92. Kc1 Qe2 93. Kb1 Kb3 94. Ka1 Qa2# 0-1

[Event "EU-chT U12"]
[Site "Thessaloniki"]
[Date "2022.07.15"]
[Round "4.2"]
[White "Pert, Max P"]
[Black "Malinowsky, Levi"]
[Result "0-1"]
[WhiteElo "1693"]
[BlackElo "1814"]
[PlyCount "72"]
[EventDate "2022.07.12"]
[EventType "team-swiss"]
[EventRounds "7"]
[EventCountry "GRE"]
[SourceTitle "EXT 2023"]
[Source "ChessBase"]
[SourceDate "2022.10.05"]
[SourceVersion "1"]
[SourceVersionDate "2022.10.05"]
[SourceQuality "1"]
[WhiteTeam "England U12"]
[BlackTeam "Germany U12"]
[WhiteTeamCountry "ENG"]
[BlackTeamCountry "GER"]

1. e4 c5 2. Nc3 g6 3. Nf3 Bg7 4. d4 cxd4 5. Nxd4 Nc6 6. Be3 Nf6 7. f3 d6 8. Qd2 0-0 9. 0-0-0 Qa5 10. Nb3 Qc7 11. Bh6 Be6 12. Nd5 Bxd5 13. exd5 Ne5 14. h4 Rfc8 15. Bxg7 Kxg7 16. Kb1 h5 17. Rc1 a5 18. Qd4 a4 19. Nd2 Ra5 20. c4 Rxd5 21. Qc3 Rc5 22. f4 Nxc4 23. Bxc4 d5 24. f5 dxc4 25. fxg6 fxg6 26. Ne4 Rc6 27. Rce1 Kg8 28. Ng5 Qd7 29. Rd1 Rd6 30. Rde1 Rd3 31. Qb4 c3 32. bxc3 Nd5 33. Qa5 Nxc3+ 34. Ka1 Qd4 35. Ne6 Nd1+ 36. Nxd4 Rc1# 0-1

[Event "GER-chT Lands U20"]
[Site "Neumuenster"]
[Date "2021.10.04"]
[Round "4.6"]
[White "Malinowsky, Levi"]
[Black "Aniol, Nico"]
[Result "1/2-1/2"]
[WhiteElo "1775"]
[BlackElo "1464"]
[PlyCount "56"]
[EventDate "2021.10.01"]
[EventType "team-swiss"]
[EventRounds "7"]
[EventCountry "GER"]
[SourceTitle "CBM 204 Extra"]
[Source "ChessBase"]
[SourceDate "2021.11.30"]
[SourceVersion "1"]
[SourceVersionDate "2021.11.30"]
[SourceQuality "1"]
[WhiteTeam "Schleswig Holstein"]
[BlackTeam "Thueringen"]
[WhiteTeamCountry "GER"]
[BlackTeamCountry "GER"]

1. e4 c5 2. d3 Nc6 3. f4 g6 4. Be2 Bg7 5. c3 d6 6. Nf3 Nf6 7. 0-0 0-0 8. Kh1 e5 9. fxe5 dxe5 10. Bg5 b6 11. Na3 h6 12. Bh4 g5 13. Bg3 Nh5 14. Bxe5 Bxe5 15. Nxe5 Nxe5 16. Bxh5 Qxd3 17. Qe1 Bb7 18. Bf3 Nxf3 19. gxf3 Ba6 20. Qf2 Rad8 21. Qg2 Qd2 22. Rf2 Qd1+ 23. Rxd1 Rxd1+ 24. Qg1 Rfd8 25. c4 Rxg1+ 26. Kxg1 Kg7 27. Rc2 Kf6 28. Kf2 Ke5 1/2-1/2

[Event "GER-chT Lands U20"]
[Site "Neumuenster"]
[Date "2021.10.02"]
[Round "2.4"]
[White "Besou, Hussain"]
[Black "Malinowsky, Levi"]
[Result "1-0"]
[WhiteElo "1995"]
[BlackElo "1775"]
[PlyCount "59"]
[EventDate "2021.10.01"]
[EventType "team-swiss"]
[EventRounds "7"]
[EventCountry "GER"]
[SourceTitle "CBM 204 Extra"]
[Source "ChessBase"]
[SourceDate "2021.11.30"]
[SourceVersion "1"]
[SourceVersionDate "2021.11.30"]
[SourceQuality "1"]
[WhiteTeam "Nordrhein Westfalen"]
[BlackTeam "Schleswig Holstein"]
[WhiteTeamCountry "GER"]
[BlackTeamCountry "GER"]

1. d4 Nf6 2. c4 c5 3. d5 b5 4. cxb5 a6 5. bxa6 Bxa6 6. Nc3 d6 7. e4 Bxf1 8. Kxf1 g6 9. Nf3 Bg7 10. g3 0-0 11. Kg2 Nbd7 12. a4 Qb6 13. Qe2 Rfb8 14. Nb5 Ne8 15. Nd2 Nc7 16. Nc4 Qb7 17. Nxc7 Qxc7 18. a5 Ra7 19. f4 e6 20. dxe6 fxe6 21. Rd1 Bd4 22. Be3 e5 23. fxe5 dxe5 24. Rac1 Nf6 25. Bg5 Rf8 26. Rf1 Nd7 27. Bh6 Rf6 28. Nb6 Qc6 29. Nd5 Re6 30. Qf3 1-0

[Event "GER-chT Lands U20"]
[Site "Neumuenster"]
[Date "2021.10.02"]
[Round "1.1"]
[White "Malinowsky, Levi"]
[Black "Arnhold, Steffi"]
[Result "1/2-1/2"]
[WhiteElo "1775"]
[BlackElo "2094"]
[PlyCount "110"]
[EventDate "2021.10.01"]
[EventType "team-swiss"]
[EventRounds "7"]
[EventCountry "GER"]
[SourceTitle "CBM 204 Extra"]
[Source "ChessBase"]
[SourceDate "2021.11.30"]
[SourceVersion "1"]
[SourceVersionDate "2021.11.30"]
[SourceQuality "1"]
[WhiteTeam "Schleswig Holstein"]
[BlackTeam "Bayern"]
[WhiteTeamCountry "GER"]
[BlackTeamCountry "GER"]

1. e4 c5 2. d3 Nc6 3. f4 d6 4. Be2 g6 5. Nf3 Bg7 6. c3 e6 7. Be3 Nge7 8. 0-0 0-0 9. Nbd2 b6 10. a4 d5 11. Qc2 Ba6 12. Nb3 Rc8 13. Rfd1 d4 14. Bf2 Bb7 15. cxd4 cxd4 16. Qd2 a5 17. Kh1 Qd7 18. Rg1 Kh8 19. h3 Rfd8 20. Kh2 e5 21. fxe5 Qe6 22. Bd1 Nxe5 23. Ng5 Qd6 24. Bg3 Rf8 25. Rf1 f6 26. Nf3 N7c6 27. Nc1 Ba6 28. Nxe5 fxe5 29. Rxf8+ Rxf8 30. Na2 Rc8 31. Rc1 Rc7 32. Bb3 Bc8 33. Bd5 Be6 34. Bxe6 Qxe6 35. b4 Rc8 36. bxa5 bxa5 37. Qb2 h5 38. Rc4 Ne7 39. Rxc8+ Nxc8 40. Be1 Qb6 41. Qxb6 Nxb6 42. Bxa5 Nxa4 43. Nb4 Kg8 44. Kg3 Kf7 45. Kf3 Ke6 46. Nd5 Bf8 47. Bb4 Bxb4 48. Nxb4 Kd6 49. Ke2 Nc5 50. Nd5 Ne6 51. h4 Nc5 52. g3 Ke6 53. Nc7+ Kd6 54. Nd5 Ke6 55. Nc7+ Kd6 1/2-1/2

[Event "GER-ch U12"]
[Site "Willingen"]
[Date "2021.08.24"]
[Round "3"]
[White "Malinowsky, Levi"]
[Black "Braun, Julian1111"]
[Result "1-0"]
[WhiteElo "1593"]
[BlackElo "1436"]
[PlyCount "119"]
[EventDate "2021.08.22"]
[EventType "swiss"]
[EventRounds "9"]
[EventCountry "GER"]
[SourceTitle "EXT 2022"]
[Source "ChessBase"]
[SourceDate "2021.10.06"]
[SourceVersion "1"]
[SourceVersionDate "2021.10.06"]
[SourceQuality "1"]

1. e4 e5 2. Nf3 Nc6 3. Bb5 a6 4. Ba4 Nf6 5. 0-0 Be7 6. Re1 b5 7. Bb3 d6 8. h3 0-0 9. c3 Nb8 10. d4 Nbd7 11. c4 b4 12. Qc2 Bb7 13. c5 dxc5 14. dxe5 Nxe4 15. Rxe4 Bxe4 16. Qxe4 Nb6 17. Nbd2 a5 18. Nc4 Nxc4 19. Qxc4 a4 20. Bc2 c6 21. Qg4 g6 22. Bg5 Bxg5 23. Nxg5 Qd4 24. Qxd4 cxd4 25. Rd1 h6 26. Ne4 c5 27. Bd3 Ra5 28. f4 Rc8 29. Rc1 Kf8 30. Nd6 Rc7 31. Kf2 a3 32. b3 Ke7 33. Kf3 Ra8 34. Nb5 Rcc8 35. Be4 Ra5 36. Nxd4 Kd7 37. Nc2 Rd8 38. Ne1 Ke6 39. Nd3 Ke7 40. Ke3 g5 41. f5 f6 42. exf6+ Kxf6 43. Nxc5 Rb5 44. Ne6 Re8 45. Nc7 Rxe4+ 46. Kxe4 Re5+ 47. Kd4 Rxf5 48. Nd5+ Ke6 49. Rc6+ Kd7 50. Rf6 Rxf6 51. Nxf6+ Ke6 52. Nd5 Kf5 53. Ke3 g4 54. Nxb4 gxh3 55. gxh3 Kg5 56. Nc2 Kh4 57. b4 Kxh3 58. b5 Kg2 59. b6 h5 60. b7 1-0

[Event "GER-chT U10"]
[Site "Magdeburg"]
[Date "2021.08.07"]
[Round "5.2"]
[White "Malinowsky, Levi"]
[Black "Shen, Tingrui"]
[Result "1-0"]
[WhiteElo "1593"]
[BlackElo "1561"]
[PlyCount "61"]
[EventDate "2021.08.06"]
[EventType "team-swiss"]
[EventRounds "7"]
[EventCountry "GER"]
[SourceTitle "EXT 2022"]
[Source "ChessBase"]
[SourceDate "2021.10.06"]
[SourceVersion "1"]
[SourceVersionDate "2021.10.06"]
[SourceQuality "1"]
[WhiteTeam "Kiel Doppelbauer"]
[BlackTeam "Tegernsee"]
[WhiteTeamCountry "GER"]
[BlackTeamCountry "GER"]

1. e4 c5 2. d3 Nc6 3. f4 g6 4. Be2 Bg7 5. Nf3 e6 6. 0-0 Nge7 7. c3 0-0 8. Be3 d6 9. Nbd2 Rb8 10. Qe1 b5 11. a3 a5 12. Qh4 Bd7 13. Ng5 h6 14. Nh3 f5 15. g4 fxg4 16. Bxg4 b4 17. axb4 axb4 18. Rac1 Nc8 19. Qg3 Kh7 20. Nf3 Bf6 21. Kh1 Nb6 22. f5 exf5 23. exf5 Bxf5 24. Bxf5 gxf5 25. Nf4 Qe8 26. Qh3 Bg7 27. Ng5+ Kg8 28. Nge6 Rb7 29. Nxf8 Qxf8 30. Ne6 Qf6 31. Rxf5 1-0

[Event "GER-ch U10"]
[Site "Willingen"]
[Date "2020.10.29"]
[Round "4"]
[White "Thuemler, Floris"]
[Black "Malinowsky, Levi"]
[Result "1-0"]
[WhiteElo "1295"]
[BlackElo "1606"]
[PlyCount "61"]
[EventDate "2020.10.26"]
[EventType "swiss"]
[EventRounds "7"]
[EventCountry "GER"]
[SourceTitle "CBM 199 Extra"]
[Source "ChessBase"]
[SourceDate "2021.01.31"]
[SourceVersion "1"]
[SourceVersionDate "2021.01.31"]
[SourceQuality "1"]

1. e4 e6 2. d4 d5 3. Nc3 Bb4 4. e5 c5 5. a3 Bxc3+ 6. bxc3 Qc7 7. Bd3 Bd7 8. Qg4 Ne7 9. Ne2 c4 10. Qxg7 Rg8 11. Qxh7 cxd3 12. Qxd3 Nbc6 13. Rb1 0-0-0 14. h4 Rxg2 15. Ng3 Nf5 16. Kf1 Nxg3+ 17. fxg3 Rxc2 18. Qxc2 Nxd4 19. Qd3 Nc6 20. Bf4 d4 21. Kg1 Be8 22. cxd4 Rxd4 23. Qe3 Qa5 24. h5 f5 25. h6 Bg6 26. h7 Bxh7 27. Rxh7 Qd5 28. Qb3 Rd1+ 29. Qxd1 Nd4 30. Qc1+ Nc6 31. Rbxb7 1-0